| 000 | 00342nam a2200121Ia 4500 | ||
|---|---|---|---|
| 005 | 20251222141817.0 | ||
| 008 | 251222s9999||||xx |||||||||||||| ||spa|| | ||
| 082 | _a868.551/S23/T.II | ||
| 100 | _aSánchez de Muniain, José María | ||
| 245 | 0 | _aAntología General de Menendez Pelayo: | |
| 264 | _bBiblioteca de Autores Cristianos | ||
| 942 | _cLIB | ||
| 999 |
_c6681 _d6681 |
||